书目信息 |
| 题名: |
档案管理学
|
|
| 作者: | 陈兆 主编 | |
| 分册: | ||
| 出版信息: | 北京 中国人民大学出版社 1962.07 |
|
| 页数: | 199页 | |
| 开本: | 32开 | |
| 丛书名: | ||
| 单 册: | ||
| 中图分类: | G271 | |
| 科图分类: | ||
| 主题词: | 档案学 , 档案工作 | |
| 电子资源: | ||
| ISBN: | ||
| 000 | 00524nam0 2200205 45 | |
| 001 | 0212100907 | |
| 005 | 20070923104048.17 | |
| 010 | @dCNY0.72 | |
| 091 | @a7011.78 | |
| 100 | @a20021210d1962 km y0chiy0120 ea | |
| 101 | 0 | @achi |
| 200 | 1 | @a档案管理学@ADang An Guan Li Xue@f陈兆主编@FChen Zhao Zhu Bian |
| 210 | @a北京@c中国人民大学出版社@d1962.07 | |
| 215 | @a199页@d32开 | |
| 606 | 0 | @a档案学 |
| 606 | 0 | @a档案工作 |
| 690 | @aG271@v3 | |
| 701 | 0 | @a陈兆@4主编 |
| 801 | @aCN@bTSTC@c20070923 | |
| 905 | @f1@b23868@dG271@e1 | |
| 档案管理学/陈兆主编.-北京:中国人民大学出版社,1962.07 |
| 199页;32开 |
| ISBN :CNY0.72 |
| ● |
| 相关链接 |
|
|
|
|
正题名:档案管理学
索取号:G271/1
 
预约/预借
| 序号 | 登录号 | 条形码 | 馆藏地/架位号 | 状态 | 备注 |
| 1 | 0023868 | 001748470 | 密集书库/ [索取号:G271/1] | 在馆 | |
| 2 | 0465263 | 204652633 | 密集书库/ [索取号:G271/1] | 在馆 | |
| 3 | 0624558 | 206245589 | 第一样本阅览室/ [索取号:G271/1] | 在馆 |